000 00580nam a2200205Ia 4500
005 20250508162239.0
008 008 250505s9999 xx 000 0 eng d
020 _a0-470-99191-7
037 _aTextual
040 _aFEDL
_beng
_cFEDL
041 _aeng
_2eng
084 _a158.12, GOL
_qFEDL
100 _aGoleman Daniel
_927891
245 0 _aVarieties of the meditative experience
260 _aNew York, USA
_bIrvington Publishers
_c1977
300 _axxi,130p.
650 _aApplied Psychology
942 _cTEXL
_h158.12, GOL
999 _c1375356
_d1375356